| 000 -LEADER |
| fixed length control field |
00715nam a22002057a 4500 |
| 005 - DATE AND TIME OF LATEST TRANSACTION |
| control field |
20221012150914.0 |
| 008 - FIXED-LENGTH DATA ELEMENTS--GENERAL INFORMATION |
| fixed length control field |
221012s2020ge xxu||||| |||| 00| 0 ger d |
| 020 ## - INTERNATIONAL STANDARD BOOK NUMBER |
| International Standard Book Number |
9783126071598 |
| 080 ## - UNIVERSAL DECIMAL CLASSIFICATION NUMBER |
| Universal Decimal Classification number |
811.112.2'373 R-20 |
| 100 ## - MAIN ENTRY--PERSONAL NAME |
| Personal name |
Ransberger, Karin. |
| 9 (RLIN) |
15278 |
| 245 ## - TITLE STATEMENT |
| Title |
Netzwerk neu : |
| Remainder of title |
A1 / Testheft mit Audios / |
| Statement of responsibility, etc. |
Karin Ransberger, Margret Rodi, Kirsten Althaus. |
| 264 ## - PRODUCTION, PUBLICATION, DISTRIBUTION, MANUFACTURE, AND COPYRIGHT NOTICE |
| Place of production, publication, distribution, manufacture |
Stuttgart: |
| Date of production, publication, distribution, manufacture, or copyright notice |
Ernst Klett Sprachen, |
| Name of producer, publisher, distributor, manufacturer |
2020. |
| 300 ## - PHYSICAL DESCRIPTION |
| Extent |
56 p.: |
| Other physical details |
ill. |
| 440 ## - SERIES STATEMENT/ADDED ENTRY--TITLE |
| Title |
Deutsch als Fremdsprache |
| 9 (RLIN) |
15298 |
| 653 ## - INDEX TERM--UNCONTROLLED |
| keyword |
Netzwerk neu. A1 |
| 653 ## - INDEX TERM--UNCONTROLLED |
| keyword |
გერმანული ლექსიკა |
| 700 ## - ADDED ENTRY--PERSONAL NAME |
| Personal name |
Rodi, Margret. |
| Relator term |
Author |
| 9 (RLIN) |
15279 |
| 700 ## - ADDED ENTRY--PERSONAL NAME |
| Personal name |
Althaus, Kirsten |
| Relator term |
Author |
| 9 (RLIN) |
15280 |
| 942 ## - ADDED ENTRY ELEMENTS (KOHA) |
| Source of classification or shelving scheme |
|
| Koha item type |
წიგნი |